Handcrafted projects for your home
| Main Author: | |
|---|---|
| Other Authors: | |
| Format: | Book |
| Published: |
Minnesota :
Creative Publishing International, Inc. ,
2005
|
| Subjects: |
MARC
| LEADER | 00000cam a2200000 7i4500 | ||
|---|---|---|---|
| 001 | 0000104708 | ||
| 005 | 20080124.0 | ||
| 020 | |a 1589232224 | ||
| 090 | 0 | 0 | |a 745.5 |b FAR |
| 100 | 1 | |a Farris, Jerri | |
| 245 | 1 | 0 | |a Handcrafted projects for your home |c Jerri Farris and Tim Himsel |
| 260 | |a Minnesota : |b Creative Publishing International, Inc. , |c 2005 | ||
| 300 | |a 190p. : |b ill ; |c 26cm. | ||
| 650 | 0 | 0 | |a Handicraft |
| 650 | 0 | 0 | |a House furnishings |
| 700 | 1 | |a Himsel, Tim | |
| 999 | |a 00196894 |b BUKU |c PINJAMAN |e PERPUSTAKAAN KOMUNITI PETALING JAYA | ||